000 00461nam a2200157 i 4500
001 62687
003 ES-MaACL
005 20230906164719.0
007 t|
008 031125s1964 sp ||||1| spa d
100 1 _aFernández Baldovi, María Nieves.
_949495
245 1 0 _aEsto soy
_b: (diario poético) /
_cMª Nieves Fernández Baldovi.
260 _aMadrid :
_bEditora Nacional,
_c1964.
300 _a56 p. ;
_c22 cm.
852 _aES-MaACL
_jC-24625
_bR.53446
999 _c62687
_d62687